Giant Book of Fairy Tales (Record no. 550158)

000 -LEADER
fixed length control field 00287nam a22001097a 4500
082 ## - DEWEY DECIMAL CLASSIFICATION NUMBER
Classification number 808.831
Author Mark BHA
-- L-NUST-01, P-47
245 ## - TITLE STATEMENT
Title Giant Book of Fairy Tales
260 ## - PUBLICATION, DISTRIBUTION, ETC.
Place of publication, distribution, etc. Delhi
Name of publisher, distributor, etc. Arora Book Co
300 ## - PHYSICAL DESCRIPTION
Extent P 96
Other physical details ill
Dimensions 25cm
526 ## - STUDY PROGRAM INFORMATION NOTE
Program name 0
Interest level 0
Reading level 0
Title point value 808_831000000000000_BHA
942 ## - ADDED ENTRY ELEMENTS (KOHA)
Source of classification or shelving scheme
Koha item type Book
Holdings
Withdrawn status Lost status Source of classification or shelving scheme Damaged status Not for loan Permanent Location Current Location Date acquired Total Checkouts Full call number Barcode Date last seen Price effective from Koha item type
          Military College of Engineering (MCE) Military College of Engineering (MCE) 10/24/2014   808.831 BHA MCE-44635 10/24/2014 10/24/2014 Book
© 2023 Central Library, National University of Sciences and Technology. All Rights Reserved.